[Event "OLOA 1920 SK König Plauen I - SG 1871 "]
[Site "?"]
[Date "2019.12.07"]
[Round "4.2"]
[White "Sandner, Gunter"]
[Black "Schuetze, Norman"]
[Result "1-0"]
[WhiteElo "2261"]
[BlackElo "2286"]
[PlyCount "59"]
[EventDate "2019.??.??"]
[EventType "team-tourn"]

1. Nf3 d5 2. d4 Nf6 3. g3 g6 4. Bg2 Bg7 5. O-O O-O 6. c4 dxc4 7. Na3 Nc6 8.
Nxc4 Be6 9. b3 Bd5 10. Bb2 a5 11. a4 Qc8 12. e3 Rd8 13. Qe2 Qf5 14. Nfe5 Bxg2
15. Kxg2 Nxe5 16. Nxe5 Ne4 17. Nd3 c5 18. f3 cxd4 19. fxe4 Qxe4+ 20. Rf3 dxe3
21. Nf2 Qd5 22. Bxg7 exf2 23. Bb2 Rac8 24. Rf1 g5 25. h3 h5 26. Kh2 Rc2 27.
Qxc2 Qxf3 28. Rxf2 Qd3 29. Qc5 Rd6 30. Qe5 1-0

[Event "OLOA 1920 SK König Plauen I - SG 1871 "]
[Site "?"]
[Date "2019.12.07"]
[Round "4.3"]
[White "Mertens, Fridolin"]
[Black "Kuraszkiewicz, Michael"]
[Result "1-0"]
[WhiteElo "2135"]
[BlackElo "2287"]
[PlyCount "85"]
[EventDate "2019.??.??"]
[EventType "team-tourn"]

1. e4 e5 2. Nf3 Nc6 3. Bc4 Nf6 4. d3 Be7 5. O-O d6 6. a4 O-O 7. Re1 Na5 8. Ba2
c5 9. c3 Nc6 10. h3 h6 11. Bd2 Nh7 12. b4 cxb4 13. cxb4 Ng5 14. Bc3 Nxf3+ 15.
Qxf3 Kh8 16. b5 Nd4 17. Bxd4 exd4 18. Bd5 f5 19. Nd2 Rb8 20. Qe2 Bf6 21. Qh5
Qe8 22. Qxe8 Rxe8 23. Rac1 Rf8 24. Rc7 Bd8 25. Rc4 a6 26. Nf3 axb5 27. axb5 Ba5
28. Rb1 fxe4 29. Bxe4 Bb6 30. Nh4 Re8 31. Ng6+ Kg8 32. Nf4 Bc5 33. Rc2 Ra8 34.
Re2 Rd8 35. Bd5+ Kh7 36. Re7 Bf5 37. Rxb7 Ra3 38. Bc4 Rc3 39. Rd1 Rd7 40. Rb8
Rxc4 41. dxc4 Bc2 42. Rd2 Bb3 43. Ne6 1-0

[Event "OLOA 1920 SK König Plauen I - SG 1871 "]
[Site "?"]
[Date "2019.12.07"]
[Round "4.4"]
[White "Kunze, Carlo"]
[Black "Boehm, Christian"]
[Result "1-0"]
[WhiteElo "2256"]
[BlackElo "2090"]
[PlyCount "77"]
[EventDate "2019.??.??"]
[EventType "team-tourn"]

1. d4 Nf6 2. c4 g6 3. Nc3 Bg7 4. e4 d6 5. Be2 O-O 6. Nf3 e5 7. d5 a5 8. Bg5 h6
9. Bh4 Na6 10. Nd2 Qe8 11. O-O Nh7 12. f3 h5 13. a3 Bd7 14. Re1 Bh6 15. Nf1 Nc5
16. b4 axb4 17. axb4 Rxa1 18. Qxa1 Nb3 19. Qa3 Nd4 20. Bd3 g5 21. Bf2 g4 22.
fxg4 Bxg4 23. Ne3 Qd7 24. Kh1 f5 25. exf5 Nxf5 26. Nxg4 hxg4 27. Ne4 Ng5 28.
Qb2 Qf7 29. Qe2 Qh5 30. Qd1 Nd4 31. Ng3 Qh4 32. Bxd4 exd4 33. Nf5 Rxf5 34. Bxf5
g3 35. h3 Nf7 36. Be6 Be3 37. Qf3 Qh7 38. Qxg3+ Qg7 39. Qf3 1-0

[Event "OLOA 1920 SK König Plauen I - SG 1871 "]
[Site "?"]
[Date "2019.12.07"]
[Round "4.5"]
[White "Proehl, Holger"]
[Black "Schaller, Sven"]
[Result "1/2-1/2"]
[WhiteElo "2338"]
[BlackElo "2259"]
[PlyCount "37"]
[EventDate "2019.??.??"]
[EventType "team-tourn"]

1. Nf3 Nf6 2. g3 d5 3. Bg2 c6 4. O-O Bg4 5. d3 Nbd7 6. Nbd2 e6 7. e4 dxe4 8.
dxe4 Ne5 9. Qe2 Bc5 10. h3 Nxf3+ 11. Nxf3 Bxf3 12. Qxf3 e5 13. Bg5 h6 14. Rad1
Qe7 15. Bxf6 Qxf6 16. Qxf6 gxf6 17. Rd3 Ke7 18. Rfd1 Rhd8 19. Bf3 1/2-1/2

[Event "OLOA 1920 SK König Plauen I - SG 1871 "]
[Site "?"]
[Date "2019.12.07"]
[Round "4.6"]
[White "Hoerr, Matthias"]
[Black "Schuster, Martin"]
[Result "1/2-1/2"]
[WhiteElo "2151"]
[BlackElo "2212"]
[PlyCount "166"]
[EventDate "2019.??.??"]
[EventType "team-tourn"]

1. c4 e6 2. g3 Nf6 3. Bg2 d5 4. Nf3 Be7 5. b3 O-O 6. O-O c5 7. e3 Nc6 8. Bb2
Qb6 9. Qe2 dxc4 10. Qxc4 Bd7 11. Na3 Rac8 12. Rac1 Na5 13. Qe2 Rfd8 14. Ne5 Be8
15. Rfd1 Nc6 16. Nac4 Qa6 17. d3 b5 18. Nxc6 Bxc6 19. Ne5 Bxg2 20. Kxg2 Nd5 21.
d4 f6 22. Nd3 c4 23. bxc4 bxc4 24. Nf4 Rc6 25. e4 Nxf4+ 26. gxf4 Qxa2 27. Ra1
Qb3 28. Rxa7 Bc5 29. Raa1 Bf8 30. d5 exd5 31. exd5 Rcc8 32. Qe6+ Kh8 33. Bd4
Qb7 34. Be3 Re8 35. Qf5 Bc5 36. Rab1 Qc7 37. Bxc5 Qxc5 38. Rb7 Re2 39. Kh1 Rg8
40. Rf1 Rd2 41. Qe6 c3 42. Rg1 Qxd5+ 43. Qxd5 Rxd5 44. Rc7 Rd4 45. Rxc3 Rxf4
46. f3 h6 47. Rg4 Rf5 48. Kg2 Kh7 49. h4 h5 50. Ra4 Rd5 51. Kg3 Rgd8 52. Rca3
R8d7 53. Ra5 Kh6 54. Rxd5 Rxd5 55. Ra6 Kg6 56. Ra7 Rd6 57. Rb7 Rc6 58. Ra7 Kh6
59. Ra5 g5 60. hxg5+ fxg5 61. Ra4 Kg6 62. Rb4 Rc5 63. Rb8 h4+ 64. Kh3 Rf5 65.
Kg2 Rf6 66. Rb5 Rc6 67. Rb2 Rc5 68. Ra2 Kf5 69. Kf2 Rc4 70. Rb2 Kf4 71. Ra2 h3
72. Rb2 Rd4 73. Ra2 h2 74. Kg2 h1=Q+ 75. Kxh1 Kxf3 76. Ra3+ Kf4 77. Kg1 g4 78.
Rb3 Rd1+ 79. Kg2 Rd2+ 80. Kg1 Kg5 81. Rb5+ Kh4 82. Rb3 g3 83. Rb8 Kh3 1/2-1/2

[Event "OLOA 1920 SK König Plauen I - SG 1871 "]
[Site "?"]
[Date "2019.12.07"]
[Round "4.7"]
[White "Schindler, Christian"]
[Black "Linnert, Niklas"]
[Result "1-0"]
[WhiteElo "2189"]
[BlackElo "2070"]
[PlyCount "99"]
[EventDate "2019.??.??"]
[EventType "team-tourn"]

1. c4 Nf6 2. b3 g6 3. Bb2 Bg7 4. Nf3 O-O 5. e3 c5 6. Be2 Nc6 7. O-O Re8 8. Nc3
d5 9. cxd5 Nxd5 10. a3 Nxc3 11. Bxc3 e5 12. Qc2 Bf5 13. d3 Rc8 14. Rfd1 b5 15.
Rac1 Qb6 16. Bd2 c4 17. e4 cxb3 18. Qxb3 Be6 19. Qb2 Bg4 20. h3 Bxf3 21. Bxf3
Nd4 22. Bg4 f5 23. exf5 gxf5 24. Bh5 Red8 25. Bg5 Bf6 26. Be3 a6 27. Rc3 f4 28.
Bxd4 Qxd4 29. Qa2+ Kh8 30. Qe6 Qd7 31. Qxf6+ Qg7 32. Qxg7+ Kxg7 33. Rdc1 Rxc3
34. Rxc3 a5 35. Kf1 Kf6 36. Bf3 b4 37. axb4 axb4 38. Rc6+ Kg5 39. Ke2 Rb8 40.
Kd2 b3 41. Kc1 b2+ 42. Kb1 Rb3 43. Be4 h5 44. Rc2 f3 45. g3 h4 46. gxh4+ Kxh4
47. Rxb2 Rc3 48. Rc2 Rb3+ 49. Kc1 Kxh3 50. Kd2 1-0

[Event "OLOA 1920 SK König Plauen I - SG 1871 "]
[Site "?"]
[Date "2019.12.07"]
[Round "4.8"]
[White "Pivtorak, Ilya"]
[Black "Deutsch, Joey"]
[Result "0-1"]
[WhiteElo "1491"]
[BlackElo "1940"]
[PlyCount "102"]
[EventDate "2019.??.??"]
[EventType "team-tourn"]

1. d4 Nf6 2. Nf3 e6 3. Bf4 c5 4. c3 Qb6 5. Qc2 cxd4 6. cxd4 Nc6 7. e3 Qa5+ 8.
Nbd2 d6 9. Bc4 Be7 10. O-O O-O 11. e4 d5 12. Nb3 Qd8 13. exd5 Nxd5 14. Bg3 Bf6
15. Ne5 Nce7 16. Ng4 b6 17. Nxf6+ Nxf6 18. Be5 Ned5 19. Rac1 Bb7 20. Qe2 Rc8
21. Ba6 Qd7 22. Bxb7 Qxb7 23. Rxc8 Rxc8 24. Rc1 Rxc1+ 25. Nxc1 Qc6 26. Nd3 Qc4
27. a3 Nd7 28. Kf1 Nf8 29. f4 f6 30. Bb8 Qxd4 31. Bxa7 Kf7 32. Qf3 Nd7 33. Qh5+
Ke7 34. Qxh7 Ne3+ 35. Ke2 Nf5 36. Qh3 Qa4 37. Nb4 Nd4+ 38. Kd3 Nb5 39. Nc6+ Kd6
40. Bb8+ Nxb8 41. Nxb8 Qb3+ 42. Kd2 Qxb2+ 43. Ke1 Qc1+ 44. Ke2 Nd4+ 45. Kd3
Qd1+ 46. Kc4 b5+ 47. Kc3 Ne2+ 48. Kb2 Qc1+ 49. Ka2 Qc2+ 50. Ka1 Nc3 51. g3 Qa2#
0-1

[Event "OLOA 1920 SK König Plauen II - SG Leip"]
[Site "?"]
[Date "2019.12.07"]
[Round "4.1"]
[White "Schubert, Thomas"]
[Black "Burian, Simon"]
[Result "1-0"]
[WhiteElo "2312"]
[BlackElo "2149"]
[PlyCount "87"]
[EventDate "2019.??.??"]
[EventType "team-tourn"]

1. d4 Nf6 2. Nf3 c5 3. d5 b5 4. Bg5 Ne4 5. Bf4 Qa5+ 6. c3 d6 7. Nbd2 Nxd2 8.
Nxd2 Ba6 9. e4 b4 10. cxb4 cxb4 11. Nc4 Bxc4 12. Bxc4 g6 13. Qd4 f6 14. Bd2 Nd7
15. Be2 Rb8 16. O-O Qc5 17. Qd3 Ne5 18. Qb3 Kf7 19. Be3 Qa5 20. f4 Nd7 21. Rac1
Bh6 22. Rc6 Nb6 23. Bg4 Rb7 24. Be6+ Kg7 25. Bd4 Rf8 26. e5 dxe5 27. fxe5 f5
28. d6 Bg5 29. Rc7 Rxc7 30. dxc7 Nc8 31. Qc4 b3 32. axb3 Qd2 33. Qc3 Qe2 34.
Bc4 Qe4 35. Bb5 e6 36. Bc5 Rf7 37. Bd6 Be3+ 38. Kh1 Bd4 39. Qd3 Qh4 40. Ba6 Nb6
41. c8=Q Nxc8 42. Bxc8 Bxb2 43. Bxe6 Rb7 44. Bc4 1-0

[Event "OLOA 1920 SK König Plauen II - SG Leip"]
[Site "?"]
[Date "2019.12.07"]
[Round "4.2"]
[White "Paul, Mathias"]
[Black "Boehnisch, Manfred"]
[Result "1/2-1/2"]
[WhiteElo "2168"]
[BlackElo "2260"]
[PlyCount "53"]
[EventDate "2019.??.??"]
[EventType "team-tourn"]

1. Nf3 d5 2. c4 c6 3. e3 Nf6 4. Nc3 g6 5. d4 Bg7 6. Bd3 O-O 7. O-O Bf5 8. Bxf5
gxf5 9. cxd5 Nxd5 10. Qb3 b6 11. Bd2 e6 12. Rac1 Ne7 13. Ne2 Re8 14. Nf4 Nd5
15. Nd3 Qd6 16. Bb4 Nxb4 17. Qxb4 Qxb4 18. Nxb4 c5 19. dxc5 bxc5 20. Rxc5 Bxb2
21. Rd1 Ba3 22. Rc4 Bxb4 23. Rxb4 Nc6 24. Ra4 Red8 25. Rc1 Rab8 26. g3 Rb6 27.
Rcc4 1/2-1/2

[Event "OLOA 1920 SK König Plauen II - SG Leip"]
[Site "?"]
[Date "2019.12.07"]
[Round "4.3"]
[White "Dietze, Frank"]
[Black "Beyer, Christof"]
[Result "1-0"]
[WhiteElo "2075"]
[BlackElo "2016"]
[PlyCount "71"]
[EventDate "2019.??.??"]
[EventType "team-tourn"]

1. d4 Nf6 2. c4 e6 3. g3 c5 4. d5 exd5 5. cxd5 d6 6. Nc3 g6 7. Bg2 Bg7 8. Nf3
O-O 9. O-O Re8 10. Bf4 a6 11. a4 Nh5 12. Be3 Nd7 13. Nd2 f5 14. Nc4 Ne5 15.
Nxe5 Rxe5 16. Qc1 Rb8 17. Rb1 Qc7 18. Qd2 Bd7 19. Rfc1 Ree8 20. b4 b6 21. a5
bxa5 22. bxc5 dxc5 23. d6 Qa7 24. Rxb8 Qxb8 25. Bxc5 Nf6 26. Rb1 Qc8 27. Bd4
Bc6 28. Bxf6 Bxf6 29. Nd5 Bd8 30. Rc1 Kg7 31. Qc3+ Kh6 32. Qxc6 Qxc6 33. Rxc6
Rxe2 34. Kf1 Rd2 35. Rc8 Bf6 36. d7 1-0

[Event "OLOA 1920 SK König Plauen II - SG Leip"]
[Site "?"]
[Date "2019.12.07"]
[Round "4.4"]
[White "Pfeufer, Lion"]
[Black "Schunk, Thomas"]
[Result "0-1"]
[WhiteElo "2037"]
[BlackElo "2107"]
[PlyCount "78"]
[EventDate "2019.??.??"]
[EventType "team-tourn"]

1. e4 c5 2. Nf3 e6 3. c4 Nc6 4. Nc3 Nd4 5. d3 g6 6. g3 Bg7 7. Bg2 Ne7 8. Nxd4
cxd4 9. Ne2 O-O 10. O-O h6 11. f4 d6 12. b4 a5 13. b5 Qb6 14. Ba3 Re8 15. Rb1
Bd7 16. Kh1 Rac8 17. g4 f5 18. Ng3 Kh7 19. Bh3 Rcd8 20. gxf5 exf5 21. exf5 Nxf5
22. Nxf5 Bxf5 23. Bxf5 gxf5 24. Qh5 Qc7 25. Qxf5+ Kh8 26. Rbe1 b6 27. Qg6 Re3
28. Rxe3 dxe3 29. Qe4 d5 30. cxd5 Qd7 31. Qxe3 Qxd5+ 32. Qe4 Qxb5 33. Be7 Rxd3
34. Rc1 Qd7 35. Re1 Rd4 36. Qa8+ Kh7 37. Qf3 Qf5 38. Rf1 Rd2 39. a3 Qc2 0-1

[Event "OLOA 1920 SK König Plauen II - SG Leip"]
[Site "?"]
[Date "2019.12.07"]
[Round "4.5"]
[White "Schultz, Andreas"]
[Black "Hoerr, Christian"]
[Result "1-0"]
[WhiteElo "2170"]
[BlackElo "1902"]
[PlyCount "83"]
[EventDate "2019.??.??"]
[EventType "team-tourn"]

1. d4 d5 2. c4 dxc4 3. e3 e6 4. Nf3 Nf6 5. Bxc4 c5 6. O-O a6 7. Bb3 Nc6 8. Nc3
b5 9. Qe2 Bb7 10. Rd1 c4 11. Bc2 Be7 12. e4 Nb4 13. Bb1 Nd3 14. Bxd3 cxd3 15.
Qxd3 b4 16. e5 bxc3 17. exf6 Bxf6 18. bxc3 O-O 19. Rb1 Qc7 20. Bf4 Qc6 21. Rb3
Rad8 22. Rdb1 Qe4 23. Qxe4 Bxe4 24. Rc1 Rfe8 25. Rb6 Bd3 26. Ne5 Bxe5 27. Bxe5
Bc4 28. a3 f6 29. Bd6 Rd7 30. f4 Red8 31. Bb8 g5 32. Re1 gxf4 33. Bxf4 Kf7 34.
Rc6 Bd5 35. Rxa6 Rc8 36. Re3 Rb7 37. h3 Rb1+ 38. Kh2 Rb2 39. Rg3 Rxc3 40. Ra7+
Rb7 41. Rxb7+ Bxb7 42. Rxc3 1-0

[Event "OLOA 1920 SK König Plauen II - SG Leip"]
[Site "?"]
[Date "2019.12.07"]
[Round "4.6"]
[White "Merkel, Toni"]
[Black "Fasshauer, Jacob"]
[Result "0-1"]
[WhiteElo "1909"]
[BlackElo "2108"]
[PlyCount "66"]
[EventDate "2019.??.??"]
[EventType "team-tourn"]

1. e4 c5 2. Nf3 e6 3. d4 cxd4 4. Nxd4 Nc6 5. Nc3 Qc7 6. Be3 a6 7. a3 b5 8. Bd3
Bb7 9. O-O Nf6 10. Nb3 Ne5 11. Bf4 d6 12. Qe2 Be7 13. Rad1 O-O 14. Bg3 Qb6 15.
Kh1 Nxd3 16. Rxd3 a5 17. f4 b4 18. e5 bxc3 19. exf6 Bxf6 20. bxc3 Ba6 21. Bf2
Qc7 22. Bd4 Bxd4 23. Nxd4 Rac8 24. Rfd1 Bxd3 25. Rxd3 Rb8 26. h3 Rb1+ 27. Kh2
Qe7 28. Rg3 Qf6 29. f5 exf5 30. Qd3 f4 31. Rf3 Re8 32. Qa6 g6 33. Ne2 Qe5 0-1

[Event "OLOA 1920 SK König Plauen II - SG Leip"]
[Site "?"]
[Date "2019.12.07"]
[Round "4.7"]
[White "Roemling, Sven"]
[Black "Franz, Tobias"]
[Result "1-0"]
[WhiteElo "2178"]
[BlackElo "1856"]
[PlyCount "63"]
[EventDate "2019.??.??"]
[EventType "team-tourn"]

1. d4 d5 2. Nf3 Nf6 3. c4 c6 4. Qc2 e6 5. Bg5 Nbd7 6. cxd5 exd5 7. Nc3 Be7 8.
e3 O-O 9. Bd3 h6 10. Bf4 Nb6 11. O-O Be6 12. Rfc1 Rc8 13. h3 Bd6 14. Ne2 Qc7
15. Qb3 Ne4 16. a4 Nd7 17. a5 Qb8 18. a6 b6 19. Qa4 Qc7 20. Qc2 Nef6 21. Ra3 c5
22. dxc5 bxc5 23. Qa4 Nb6 24. Qa5 Qe7 25. Rac3 c4 26. Bxd6 Qxd6 27. Bb1 Qc5 28.
Qa1 Qd6 29. Rd1 Qb4 30. Ra3 Rc5 31. Nfd4 Bd7 32. Nc2 1-0

[Event "OLOA 1920 SK König Plauen II - SG Leip"]
[Site "?"]
[Date "2019.12.07"]
[Round "4.8"]
[White "Graf, Lucas"]
[Black "Haufe, Laurin"]
[Result "1-0"]
[WhiteElo "1842"]
[BlackElo "2022"]
[PlyCount "73"]
[EventDate "2019.??.??"]
[EventType "team-tourn"]

1. Nf3 Nf6 2. g3 g6 3. Bg2 Bg7 4. O-O O-O 5. d3 d6 6. e4 Nc6 7. Nbd2 e5 8. c3
Nh5 9. Nc4 Qe8 10. Ne3 Bd7 11. Nd5 Rc8 12. Qb3 b6 13. Re1 Kh8 14. Qc2 Ne7 15.
Nxe7 Qxe7 16. d4 c5 17. Qd3 cxd4 18. cxd4 Rc7 19. Bd2 Rfc8 20. Bc3 f6 21. Nd2
Bh6 22. Nf1 Ng7 23. Ne3 Bxe3 24. Qxe3 Ne6 25. Rad1 Rc4 26. f4 exd4 27. Bxd4
Nxd4 28. Rxd4 Rc2 29. Qa3 Rc1 30. Rdd1 R1c2 31. e5 Rxg2+ 32. Kxg2 Rc2+ 33. Kg1
Qe8 34. Qxd6 Qa8 35. Qd5 Bc6 36. Qd8+ Kg7 37. exf6+ 1-0

[Event "OLOA 1920 Nickelhütte Aue II - SG G-W "]
[Site "?"]
[Date "2019.12.07"]
[Round "4.1"]
[White "Zwahr, Paul"]
[Black "Pulpan, Jakub"]
[Result "1/2-1/2"]
[WhiteElo "2279"]
[BlackElo "2408"]
[PlyCount "76"]
[EventDate "2019.??.??"]
[EventType "team-tourn"]

1. e4 c5 2. Nf3 Nc6 3. d4 cxd4 4. Nxd4 g6 5. Nc3 Bg7 6. Be3 Nf6 7. Bc4 O-O 8.
Bb3 Re8 9. h4 Qa5 10. f3 e6 11. Qd2 d5 12. exd5 Nxd5 13. Bxd5 Nxd4 14. Bxd4
exd5+ 15. Kf2 Qb4 16. Bxg7 Kxg7 17. Rad1 Be6 18. h5 Qc5+ 19. Kf1 Qc4+ 20. Kf2
Qc5+ 21. Kf1 Qc4+ 22. Ne2 Bf5 23. c3 Re5 24. Kf2 Rae8 25. Nd4 Qxa2 26. g4 Bxg4
27. fxg4 Qa6 28. Rde1 Qf6+ 29. Nf3 Qb6+ 30. Kg3 Re4 31. Rxe4 Rxe4 32. Qxd5 Qc7+
33. Kf2 Qb6+ 34. Kg2 Rxg4+ 35. Kf1 Qa6+ 36. Kf2 Qb6+ 37. Kf1 Qa6+ 38. Kf2 Qb6+
1/2-1/2

[Event "OLOA 1920 Nickelhütte Aue II - SG G-W "]
[Site "?"]
[Date "2019.12.07"]
[Round "4.2"]
[White "Langrock, Hannes"]
[Black "Siedentopf, Daniel"]
[Result "1/2-1/2"]
[WhiteElo "2350"]
[BlackElo "2270"]
[PlyCount "90"]
[EventDate "2019.??.??"]
[EventType "team-tourn"]

1. d4 Nf6 2. c4 e6 3. g3 c5 4. Nf3 cxd4 5. Nxd4 Nc6 6. Bg2 Bc5 7. e3 Qb6 8. O-O
O-O 9. Nc3 Bxd4 10. exd4 d5 11. c5 Qb4 12. Ne2 b6 13. a3 Qb5 14. b4 a5 15. Rb1
axb4 16. axb4 Ba6 17. Re1 Qd3 18. Bd2 Bc4 19. Bc3 Ra2 20. Qxd3 Bxd3 21. Rb2
Rxb2 22. Bxb2 Nxb4 23. cxb6 Rb8 24. Nc3 Rxb6 25. Na4 Rb8 26. Bf3 Bc2 27. Nc5
Nd3 28. Nxd3 Bxd3 29. Bc3 h6 30. g4 g5 31. Rd1 Be4 32. Be2 Kg7 33. f3 Rb3 34.
Rc1 Rb1 35. Rxb1 Bxb1 36. Kf2 Nd7 37. Bb5 Nf8 38. Kg3 Ng6 39. Bd2 f5 40. f4
fxg4 41. fxg5 h5 42. Be8 Bf5 43. Bxg6 Kxg6 44. Bf4 e5 45. Bxe5 Kxg5 1/2-1/2

[Event "OLOA 1920 Nickelhütte Aue II - SG G-W "]
[Site "?"]
[Date "2019.12.07"]
[Round "4.3"]
[White "Genkin, Michael"]
[Black "Wichmann, Cliff"]
[Result "1-0"]
[WhiteElo "2277"]
[BlackElo "2298"]
[PlyCount "95"]
[EventDate "2019.??.??"]
[EventType "team-tourn"]

1. d4 Nf6 2. c4 e6 3. Nc3 Bb4 4. e3 d5 5. Bd3 e5 6. Qb3 Nc6 7. Nge2 Be6 8. c5
O-O 9. a3 Bxc3+ 10. Qxc3 e4 11. Bc2 Ne7 12. Bd2 c6 13. f3 Nf5 14. h4 Nh5 15. g4
exf3 16. gxf5 fxe2 17. e4 dxe4 18. fxe6 fxe6 19. Bxe4 Rf1+ 20. Kxe2 Rxa1 21.
Rxa1 Qxh4 22. Qe3 Rf8 23. Kd3 Nf4+ 24. Kc2 h6 25. Rg1 Qe7 26. Kb1 g5 27. Bc2
Kf7 28. Qe4 Ke8 29. Bxf4 gxf4 30. Qg6+ Kd8 31. Qxh6 f3 32. Qe3 f2 33. Rf1 Qh4
34. Qe5 Rf6 35. Qb8+ Ke7 36. Qxb7+ Kf8 37. Qc8+ Kg7 38. Qd7+ Kg8 39. Qe8+ Kg7
40. Qxc6 Qxd4 41. Qb7+ Rf7 42. Qg2+ Kf8 43. c6 Qc5 44. Qe4 Ke7 45. Bd3 Rg7 46.
Qh4+ Kd6 47. Rxf2 Qxc6 48. Qd4+ 1-0

[Event "OLOA 1920 Nickelhütte Aue II - SG G-W "]
[Site "?"]
[Date "2019.12.07"]
[Round "4.4"]
[White "Jurasek, Miroslav"]
[Black "Zimmermann, Rene"]
[Result "1/2-1/2"]
[WhiteElo "2234"]
[BlackElo "2184"]
[PlyCount "82"]
[EventDate "2019.??.??"]
[EventType "team-tourn"]

1. e4 e6 2. d4 d5 3. e5 c5 4. c3 Qb6 5. Nf3 Bd7 6. Be2 Nc6 7. O-O a5 8. Na3
cxd4 9. cxd4 a4 10. Nc2 Nge7 11. Rb1 Na5 12. Bd2 Ng6 13. Nfe1 Nc4 14. Nd3 f6
15. Bc3 Rc8 16. exf6 gxf6 17. Nc5 Qc7 18. Bxc4 dxc4 19. Nxd7 Qxd7 20. Re1 Bd6
21. Qg4 e5 22. Ne3 Qxg4 23. Nxg4 O-O 24. Rbd1 Rcd8 25. Nh6+ Kh8 26. dxe5 fxe5
27. Rd2 Kg7 28. Ng4 h5 29. Ne3 b5 30. Red1 Be7 31. Nf5+ Rxf5 32. Rxd8 Bxd8 33.
Rxd8 Nf4 34. Rb8 a3 35. Rxb5 Nd3 36. bxa3 Rxf2 37. Bxe5+ Kg6 38. Rb6+ Kh7 39.
Bd4 Rxa2 40. h4 Nf4 41. Kf1 Rxa3 1/2-1/2

[Event "OLOA 1920 Nickelhütte Aue II - SG G-W "]
[Site "?"]
[Date "2019.12.07"]
[Round "4.5"]
[White "Gehmlich, Marcel"]
[Black "Heinz, Juergen"]
[Result "1/2-1/2"]
[WhiteElo "2192"]
[BlackElo "2191"]
[PlyCount "20"]
[EventDate "2019.??.??"]
[EventType "team-tourn"]

1. Nf3 Nf6 2. c4 c5 3. Nc3 Nc6 4. e3 e6 5. d4 d5 6. a3 a6 7. dxc5 Bxc5 8. b4
Be7 9. Bb2 O-O 10. Rc1 dxc4 1/2-1/2

[Event "OLOA 1920 Nickelhütte Aue II - SG G-W "]
[Site "?"]
[Date "2019.12.07"]
[Round "4.6"]
[White "Bulockin, Martin"]
[Black "Nake, Matthias"]
[Result "1-0"]
[WhiteElo "2258"]
[BlackElo "2190"]
[PlyCount "115"]
[EventDate "2019.??.??"]
[EventType "team-tourn"]

1. d4 Nf6 2. Bf4 c5 3. e3 Qb6 4. Nc3 Qxb2 5. Nb5 Nd5 6. a3 a6 7. Rb1 Qa2 8. Ra1
Qb2 9. Bc4 axb5 10. Bxd5 e6 11. Bf3 Nc6 12. Ne2 cxd4 13. exd4 Bb4+ 14. Kf1 Be7
15. Rb1 Qxa3 16. d5 exd5 17. Rxb5 d4 18. h3 O-O 19. Kg1 Bf6 20. Kh2 Ra5 21. Rb3
Qc5 22. Ng3 d5 23. Re1 g6 24. Bg4 Bg7 25. Bxc8 Rxc8 26. Rxb7 Ra7 27. Qb1 Rf8
28. Rb5 Qc4 29. Bd6 Rd8 30. Rc5 Qa6 31. Rxd5 Rb7 32. Qd1 Rbd7 33. Ne4 Qa2 34.
Rc5 Rxd6 35. Nxd6 Rxd6 36. Re8+ Bf8 37. Qf3 Nd8 38. Rc8 Ne6 39. Qf6 Rd7 40. Rc6
Nc7 41. Rxc7 Rxc7 42. Qd8 Qa3 43. Qxc7 Qb4 44. Qe5 h6 45. Rb8 Qa3 46. Qxd4 Kh7
47. Rb3 Qa6 48. Rf3 f5 49. c4 Qc6 50. Qd5 Qb6 51. Qf7+ Bg7 52. Qd5 Bf8 53. Re3
Qc7+ 54. g3 h5 55. Rb3 Kh6 56. Rb7 Qc8 57. h4 Bc5 58. Qd2+ 1-0

[Event "OLOA 1920 Nickelhütte Aue II - SG G-W "]
[Site "?"]
[Date "2019.12.07"]
[Round "4.7"]
[White "Dahl, Christoph"]
[Black "Poessel, Christian"]
[Result "1/2-1/2"]
[WhiteElo "2162"]
[BlackElo "1994"]
[PlyCount "134"]
[EventDate "2019.??.??"]
[EventType "team-tourn"]

1. e4 c5 2. Nf3 d6 3. d4 cxd4 4. Nxd4 Nf6 5. Nc3 a6 6. Bg5 e6 7. f4 Qb6 8. a3
Nbd7 9. Bh4 Qc7 10. Qf3 b5 11. O-O-O Bb7 12. Kb1 Nc5 13. Bxf6 gxf6 14. f5 e5
15. Nb3 Rc8 16. Nd5 Bxd5 17. Rxd5 Nd7 18. Qd1 Nb6 19. Rd3 Qc6 20. Nd2 Bh6 21.
Rc3 Qb7 22. Rxc8+ Nxc8 23. Bd3 Nb6 24. Qe1 Bxd2 25. Qxd2 h5 26. Rd1 Qc6 27. Qa5
Na4 28. c4 bxc4 29. Bc2 Nc5 30. Qb4 Ke7 31. Qxc4 Rc8 32. Rd2 a5 33. Qd5 Qb6 34.
Bd1 h4 35. Bh5 Rf8 36. Rc2 a4 37. g3 hxg3 38. hxg3 Qb3 39. Qxb3 axb3 40. Rc4
Rh8 41. g4 Ra8 42. Kc1 Ra4 43. Rxa4 Nxa4 44. Kd2 Nxb2 45. Kc3 Nc4 46. Kxb3 Nd2+
47. Kb4 Nxe4 48. a4 Nc5 49. a5 e4 50. Kc3 e3 51. Kc2 e2 52. Kd2 Nb3+ 53. Kxe2
Nxa5 54. Ke3 Nc6 55. Kf4 Ne5 56. Ke4 Nd7 57. Kd5 Nf8 58. Kc6 Nh7 59. Kd5 Ng5
60. Kc6 Nh3 61. Kd5 Nf2 62. Kc6 Nd3 63. Kd5 Nb4+ 64. Kc4 Na6 65. Kd5 Nc7+ 66.
Kc6 Ne8 67. Kd5 Nc7+ 1/2-1/2

[Event "OLOA 1920 Nickelhütte Aue II - SG G-W "]
[Site "?"]
[Date "2019.12.07"]
[Round "4.8"]
[White "Kubikova, Hana"]
[Black "Butscher, Daniel"]
[Result "1/2-1/2"]
[WhiteElo "2046"]
[BlackElo "2098"]
[PlyCount "107"]
[EventDate "2019.??.??"]
[EventType "team-tourn"]

1. d4 c5 2. c3 Qa5 3. Nf3 cxd4 4. Nxd4 e5 5. Nb3 Qc7 6. e4 Nf6 7. Bd3 b5 8. O-O
Be7 9. Qe2 Bb7 10. Bg5 a6 11. N1d2 O-O 12. Rfe1 d6 13. Nf1 Nbd7 14. Ne3 Rfe8
15. Nf5 Bf8 16. Rad1 h6 17. Bc1 Nc5 18. Nxc5 dxc5 19. Qf3 Re6 20. Bc2 c4 21.
Qg3 Kh8 22. Qh4 Ng8 23. Ne3 Ne7 24. Nd5 Qc6 25. Be3 f5 26. Nb4 Qc8 27. exf5 Rf6
28. Be4 Nxf5 29. Bxb7 Qxb7 30. Qh3 Nxe3 31. Qxe3 Bxb4 32. cxb4 Raf8 33. Rd2 Rg6
34. Qe4 Qb6 35. Qxe5 Rff6 36. Qd4 Qc6 37. Qd5 Re6 38. Rxe6 Rxe6 39. Kf1 Qe8 40.
g3 Kh7 41. a3 Re5 42. Qf3 Qe6 43. Kg2 h5 44. Rd4 Qg6 45. Rd5 Rxd5 46. Qxd5 h4
47. Qd4 hxg3 48. hxg3 Qc2 49. Qe5 Kh8 50. g4 Qd1 51. f3 Kg8 52. Kf2 Qd2+ 53.
Kg3 g5 54. Qe8+ 1/2-1/2

[Event "OLOA 1920 SG Leipzig I - FVS ASP Hoyers"]
[Site "?"]
[Date "2019.12.07"]
[Round "4.1"]
[White "Bures, Jaroslav"]
[Black "Natsidis, Christoph"]
[Result "1/2-1/2"]
[WhiteElo "2383"]
[BlackElo "2337"]
[PlyCount "66"]
[EventDate "2019.??.??"]
[EventType "team-tourn"]

1. e4 c5 2. Nf3 e6 3. d4 cxd4 4. Nxd4 a6 5. Bd3 Nf6 6. Qe2 d6 7. O-O g6 8. f4
Bg7 9. Be3 O-O 10. Nd2 Nbd7 11. N4b3 Qc7 12. a4 Re8 13. a5 e5 14. f5 d5 15.
fxg6 hxg6 16. Qf3 Nf8 17. exd5 Bg4 18. d6 Qxd6 19. Qg3 Be6 20. Nc5 Bd5 21. Nc4
Qc7 22. Nb6 Rad8 23. Ra4 Bc6 24. Rh4 Nh5 25. Rxh5 Rxd3 26. cxd3 gxh5 27. Ne4
Ng6 28. Nf6+ Bxf6 29. Rxf6 Kg7 30. Rf5 h4 31. Qg5 Qe7 32. Qh6+ Kg8 33. Nc4 Qb4
1/2-1/2

[Event "OLOA 1920 SG Leipzig I - FVS ASP Hoyers"]
[Site "?"]
[Date "2019.12.07"]
[Round "4.2"]
[White "Richter, Leonard"]
[Black "Orsag, Milan"]
[Result "1-0"]
[WhiteElo "2257"]
[BlackElo "2307"]
[PlyCount "97"]
[EventDate "2019.??.??"]
[EventType "team-tourn"]

1. e4 c5 2. Nf3 e6 3. d4 cxd4 4. Nxd4 Nc6 5. Nc3 Qc7 6. Be3 a6 7. Qf3 Ne5 8.
Qg3 h5 9. f4 h4 10. Qh3 Nc4 11. Bxc4 Qxc4 12. O-O-O b5 13. f5 Bb7 14. Rhf1 Rc8
15. fxe6 dxe6 16. Rxf7 Kxf7 17. Nf3 Rh5 18. Rd7+ Be7 19. Rxb7 b4 20. Qg4 Ra5
21. Bd4 Nf6 22. Rxe7+ Kxe7 23. Qxg7+ Kd6 24. Bxf6 bxc3 25. Qe7+ Kc6 26. Bxc3
Rc5 27. a4 Rc7 28. Qxh4 Rd7 29. Qe1 Qxa4 30. b3 Qa3+ 31. Kb1 Rb7 32. Nd4+ Kd7
33. Qd2 Ke7 34. e5 Rd5 35. Qg5+ Kd7 36. Qg8 Rb6 37. Qa8 Qc5 38. Qa7+ Kc8 39.
Qa8+ Kd7 40. Qa7+ Kc8 41. Qa8+ Kc7 42. Ne2 Rc6 43. Qg8 Qe3 44. Qf7+ Rd7 45.
Ba5+ Rb6 46. Qxe6 Rd2 47. Qc4+ Kb7 48. Bxd2 Qxd2 49. Qe4+ 1-0